Statistics for Countries of the World in 1300AD

Click here to take the quiz!

General Stats

  • This quiz has been taken 116 times
  • The average score is 19 of 80

Answer Stats

Answer% Correct
England
86%
France
86%
Sweden
81%
Denmark
78%
Norway
77%
Scotland
76%
Japan
73%
Poland
64%
Portugal
59%
Holy Roman Empire
58%
Hungary
55%
Venice
53%
Lithuania
52%
Ottomans
50%
Aragon
45%
Naples
43%
Bulgaria
41%
Byzantium
41%
Serbia
41%
Golden Horde
37%
Papal States
37%
Castille
36%
Genoa
36%
Mayapan
36%
Marinid
33%
Ethiopia
31%
Yuan
31%
Mali
30%
Novgorod
29%
Vietnam
29%
Khmer
23%
Hafsid
22%
Nepal
22%
Oman
22%
Yemen
22%
Il Khanate
20%
Teutonic Order
19%
Tlemcen
19%
Pisa
17%
Chagatai
16%
Delhi
16%
Cyprus
14%
Benin
12%
Majapahit
10%
Ceylon
9%
Champa
9%
Epirus
7%
Kanem
7%
Polotsk
6%
Cilicia
5%
Sukhothai
5%
Alodia
3%
Arborea
3%
Aydin
3%
Aymara
3%
Germiyan
3%
Granda
3%
Gujarat
3%
Karesi
3%
Malwa
3%
Mentese
3%
Pegu
3%
Teke
3%
White Horde
3%
Yadava
3%
Assam
2%
Chiang Mai
2%
Chimor
2%
Hoysala
2%
Kaidu
2%
Kakatiya
2%
Kalinga
2%
Kastamonu
2%
Kilwa
2%
Makuria
2%
Pandya
2%
Sunda
2%
Turov Pinsk
2%
Hamidoglu
1%
Mamlukes
0%

Score Distribution

Percentile by Number Answered

Percent of People with Each Score

Your Score History

You have not taken this quiz